000 00340nam a2200145Ia 4500
008 230718s9999 xx 000 0 und d
041 _aEng.
082 _a942.54
_bTAR-C
100 _aTariq Aman
245 0 _aConsulection of Islamic Rebu
260 _aPakistan
_bPunjab Law Books
_c2011
300 _a248
650 _aLaw
999 _c26212
_d26212